El candor del padre Brown

Збережено в:
Бібліографічні деталі
Автор: Chesterton, Gilbert Keith (Автор)
Формат: Книга
Мова:Іспанська
Опубліковано: Buenos Aires Losada 1939
Серія:Biblioteca Contemporánea
Предмети:
Теги: Додати тег
Немає тегів, Будьте першим, хто поставить тег для цього запису!

MARC

LEADER 00000nam a2200000 a 4500
001 UCH6476
003 CL-VaPUC
008 091109e19390000AG |||||||||||||||||spa|d
082 0 4 |a 823  |b CHE  |2 21 
100 0 |a Chesterton, Gilbert Keith  |e author  |9 347361 
245 1 3 |a El candor del padre Brown 
300 |a 249 p 
942 |c BK 
945 |d 20091109 00:00:00  |a ccalabra 
260 |a Buenos Aires  |b Losada  |c 1939 
650 0 |a Literatura  |9 259151 
650 0 |a Literatura inglesa  |9 312907 
650 0 |a Novelas inglesas  |9 265220 
650 0 |a Escritores ingleses  |9 389424 
650 0 |a Narrativa  |9 336727 
650 0 |a Ficción   |9 376687 
650 0 |a Lectura  |9 307634 
651 0 |a Inglaterra  |9 255158 
583 |a last modification  |c 20091109 00:00:00  |k Rodrigo Vera 
490 0 |a Biblioteca Contemporánea 
999 |c 337357  |d 337355